LEADER 01042nam a2200265 i 4500 001 000000114166 003 CaOOAMICUS 005 20030411000000.0 008 030411s1984 gw u000 u ger u 013 $a86852 040 $aSeMil$bita 100 1 $aPottmeyer, Hermann Josef.$0(OLS)http://semarc/name/3179 245 10$a[Unfehlbarkeit] /$cHermann Josef Pottmeyer. 260 $aFreiburg :$bInformationszentrum Berufe der Kirche,$c1984. 300 $a16 p. ;$c20 cm. 490 0 $aAntwort des Glaubens ;$v35 500 $aFondo Card. C.M. Martini. 650 4$aPapato - Infallibilitą.$0(OLS)http://semarc/subject/8957 830 0$aAntwort des Glaubens ;$v35.$0(OLS)http://semarc/title/11988 850 $aSeMil 852 $aSeMil$W1$xVenegono$y1$m2D IV 250$j69758$B69758$CSeMilBibl$Z2$F103274 $81 941 1 $a4 961 $aOmaggio: Martini Card. Carlo Maria 996 $6245$a[Unfehlbarkeit]$9(OLS)http://semarc/title/166792 996 $6260$aFreiburg :$bInformationszentrum Berufe der Kirche$9(OLS)http://semarc/publisher/45283 LEADER 00755naa a2200157 i 4500 001 000000306392 003 CaOOAMICUS 005 20180831172856.0 008 180831n it u000 u ita u 013 $a14828 040 $aSeMil$bita 100 1 $aMontanari, Antonio <1957- >.$0(OLS)http://semarc/name/47091 245 10$a"Consuevit homo cum hominibus esse". Alla ricerca di un nuovo volto di san Bernardo. 600 04$aBernardo : di Chiaravalle .$0(OLS)http://semarc/subject/739 773 0 $tPadre per vivere.$dPadova : Il Poligrafo, 2001.$kScritti monastici inter quaestiones$z88-7115-228-X$gp.225-246$w()103920 996 $6245$a"Consuevit homo cum hominibus esse". Alla ricerca di un nuovo volto di san Bernardo$9(OLS)http://semarc/title/415620